| 000 | 01958nam0a2200409 4500 | ||
|---|---|---|---|
| 001 | RU\NLR\BIBL_A\021991973 | ||
| 005 | 20230918191906.0 | ||
| 010 |
_a978-5-91965-276-2 _9300 |
||
| 021 |
_aRU _bКН-П-23-040632 _9КН-П-23-4053 |
||
| 035 | _a(NLR Aleph) 021991973 | ||
| 035 | _a(RuMoRGB)011874569 | ||
| 090 |
_a12430201 _c12430201 |
||
| 100 | _a20230731d2022 u y0rusy50 ca | ||
| 101 | 0 | _arus | |
| 102 | _aRU | ||
| 105 | _aа z 000zy | ||
| 181 | 0 |
_ai _baxxe |
|
| 182 | 0 | _an | |
| 200 | 1 |
_a"И звенит серебро северянинских строк..." _eсборник _fМуниципальное автономное учреждение культуры "Объединение библиотек", Муниципальное автономное учреждение дополнительного образования "Дом детства и юношества "Дом знаний" _gсоставитель Н. Н. Хазова |
|
| 203 |
_aТекст _bвизуальный _cнепосредственный |
||
| 210 |
_aЧереповец _cЧереповецкая полиграфическая компания _d2022 |
||
| 215 |
_a287 с. _cил., ноты, цв. ил., портр. _d22 |
||
| 320 | _aБиблиогр. в тексте | ||
| 333 | _a16+ | ||
| 600 | 1 |
_aСеверянин _bИ. _f1887 - 1941 _gИгорь _jСборники _91542103 _3RU\NLR\AUTH\66973638 |
|
| 675 |
_a821.161.1.09 _v4 |
||
| 675 |
_a908(470.12)(092) _v4 |
||
| 686 | 2 | _aШ5(2=Р)53-4Северянин | |
| 702 | 1 |
_aХазова _bН. Н. _4220 |
|
| 702 | 1 |
_4280 _7ca _8rus _aСеверянин _bИ. _f1887-1941 _gИгорь _9119978 _3RU\NLR\AUTH\7710196 |
|
| 712 | 0 | 2 |
_4570 _aОбъединение библиотек _cЧереповец _9590655 _3RU\NLR\AUTH\8810045589 |
| 942 | _cBOOK | ||
| 980 | _aNB | ||